<?xml version="1.0" encoding="UTF-8"?>
<record
    xmlns:xsi="http://www.w3.org/2001/XMLSchema-instance"
    xsi:schemaLocation="http://www.loc.gov/MARC21/slim http://www.loc.gov/standards/marcxml/schema/MARC21slim.xsd"
    xmlns="http://www.loc.gov/MARC21/slim">

  <leader>02371cam a22005054i 4500</leader>
  <controlfield tag="003">PE-LiUPU</controlfield>
  <controlfield tag="005">20250731173353.0</controlfield>
  <controlfield tag="008">150706s2006    sp a    rb    001 0 spa d</controlfield>
  <datafield tag="020" ind1=" " ind2=" ">
    <subfield code="a">8481647632</subfield>
  </datafield>
  <datafield tag="035" ind1=" " ind2=" ">
    <subfield code="a">(Sirsi) i9788481647631</subfield>
  </datafield>
  <datafield tag="040" ind1=" " ind2=" ">
    <subfield code="a">PE-LiUPU</subfield>
    <subfield code="b">spa</subfield>
    <subfield code="c">PE-LiUPU</subfield>
    <subfield code="e">rda</subfield>
  </datafield>
  <datafield tag="049" ind1=" " ind2=" ">
    <subfield code="a">PRUA</subfield>
  </datafield>
  <datafield tag="082" ind1="0" ind2="4">
    <subfield code="a">270</subfield>
    <subfield code="b">HC</subfield>
    <subfield code="2">21</subfield>
  </datafield>
  <datafield tag="245" ind1="0" ind2="1">
    <subfield code="a">Historia del cristianismo :</subfield>
    <subfield code="b">Manuel Sotomayor, Jos&#xE9; Fern&#xE1;ndez Ubi&#xF1;a, coordinadores.</subfield>
  </datafield>
  <datafield tag="250" ind1=" " ind2=" ">
    <subfield code="a">3 Edici&#xF3;n.</subfield>
  </datafield>
  <datafield tag="264" ind1=" " ind2="1">
    <subfield code="a">Madrid :</subfield>
    <subfield code="b">Trotta,</subfield>
    <subfield code="c">2006.</subfield>
  </datafield>
  <datafield tag="300" ind1=" " ind2=" ">
    <subfield code="a">943 p&#xE1;ginas :</subfield>
    <subfield code="b">ilustraciones;</subfield>
    <subfield code="c">24 cent&#xED;metros</subfield>
  </datafield>
  <datafield tag="336" ind1=" " ind2=" ">
    <subfield code="a">text</subfield>
    <subfield code="2">rdacontent</subfield>
  </datafield>
  <datafield tag="337" ind1=" " ind2=" ">
    <subfield code="a">unmediated</subfield>
    <subfield code="2">rdamedia</subfield>
  </datafield>
  <datafield tag="338" ind1=" " ind2=" ">
    <subfield code="a">volume</subfield>
    <subfield code="2">rdacarrier</subfield>
  </datafield>
  <datafield tag="504" ind1=" " ind2=" ">
    <subfield code="a">Bibliograf&#xED;a : p&#xE1;ginas 905-910.</subfield>
  </datafield>
  <datafield tag="504" ind1=" " ind2=" ">
    <subfield code="a">&#xCD;ndice : p&#xE1;ginas 931-943.</subfield>
  </datafield>
  <datafield tag="505" ind1="0" ind2=" ">
    <subfield code="a">El legado jud&#xED;o -- Jes&#xFA;s de Galilea -- Las primeras comunidades cristianas -- Los grandes centros de la expansi&#xF3;n del  cristianismo -- El cristianismo greco-romano -- El cristianismo y el imperio romano -- Constantino y el triunfo del cristianismo en el imperio romano -- El cristianismo marginado. Heterodoxos, cism&#xE1;ticos y herejes del siglo IV -- El imperio cristiano -- Estructuraci&#xF3;n de las iglesias cristianas -- Controversias doctrinales en el siglo V y VI -- El monacato cristiano -- El cristianismo y los pueblos germ&#xE1;nicos -- El imperio romano de Bizancio. Conflictos religiosos -- El cristianismo en oriente -- El arte en el cristianismo antiguo.</subfield>
  </datafield>
  <datafield tag="526" ind1=" " ind2=" ">
    <subfield code="a">SEG42</subfield>
  </datafield>
  <datafield tag="526" ind1=" " ind2=" ">
    <subfield code="a">SEG41</subfield>
  </datafield>
  <datafield tag="526" ind1=" " ind2=" ">
    <subfield code="a">SEG40</subfield>
  </datafield>
  <datafield tag="526" ind1=" " ind2=" ">
    <subfield code="a">SEG39</subfield>
  </datafield>
  <datafield tag="526" ind1=" " ind2=" ">
    <subfield code="a">P94</subfield>
  </datafield>
  <datafield tag="526" ind1=" " ind2=" ">
    <subfield code="a">P87</subfield>
  </datafield>
  <datafield tag="526" ind1=" " ind2=" ">
    <subfield code="a">P86</subfield>
  </datafield>
  <datafield tag="526" ind1=" " ind2=" ">
    <subfield code="a">P85</subfield>
  </datafield>
  <datafield tag="526" ind1=" " ind2=" ">
    <subfield code="a">P77</subfield>
  </datafield>
  <datafield tag="526" ind1=" " ind2=" ">
    <subfield code="a">P76</subfield>
  </datafield>
  <datafield tag="526" ind1=" " ind2=" ">
    <subfield code="a">P35</subfield>
  </datafield>
  <datafield tag="541" ind1=" " ind2=" ">
    <subfield code="g">007-0020806;</subfield>
  </datafield>
  <datafield tag="650" ind1="0" ind2="4">
    <subfield code="a">Cristianismo</subfield>
    <subfield code="x">Historia.</subfield>
  </datafield>
  <datafield tag="700" ind1="1" ind2=" ">
    <subfield code="a">Fern&#xE1;ndez Ubi&#xF1;a, Jos&#xE9;,</subfield>
    <subfield code="e">coord.</subfield>
  </datafield>
  <datafield tag="700" ind1="1" ind2=" ">
    <subfield code="a">Sotomayor, Manuel,</subfield>
    <subfield code="e">coord.</subfield>
  </datafield>
  <datafield tag="910" ind1=" " ind2=" ">
    <subfield code="b">jv</subfield>
    <subfield code="c">ng</subfield>
    <subfield code="d">20100621</subfield>
  </datafield>
  <datafield tag="942" ind1=" " ind2=" ">
    <subfield code="2">ddc</subfield>
    <subfield code="c">BOOK</subfield>
  </datafield>
  <datafield tag="949" ind1=" " ind2=" ">
    <subfield code="a">270 HC 1</subfield>
    <subfield code="w">DEWEY</subfield>
    <subfield code="c">1</subfield>
    <subfield code="i">61914</subfield>
    <subfield code="d">2016-11-30</subfield>
    <subfield code="e">2016-11-25</subfield>
    <subfield code="l">CCODEBUL1</subfield>
    <subfield code="m">BUL</subfield>
    <subfield code="n">18</subfield>
    <subfield code="p">64.00</subfield>
    <subfield code="r">0</subfield>
    <subfield code="s">Y</subfield>
    <subfield code="t">BOOK</subfield>
    <subfield code="u">2015-7-6</subfield>
    <subfield code="x">TEOLOGIA</subfield>
    <subfield code="P">P35</subfield>
    <subfield code="0">COMPRA</subfield>
    <subfield code="o">.STAFF. Colecci&#xF3;n Teolog&#xED;a</subfield>
  </datafield>
  <datafield tag="994" ind1=" " ind2=" ">
    <subfield code="a">C0</subfield>
    <subfield code="b">PEPRU</subfield>
  </datafield>
  <datafield tag="596" ind1=" " ind2=" ">
    <subfield code="a">1</subfield>
  </datafield>
  <datafield tag="999" ind1=" " ind2=" ">
    <subfield code="a">270 HC 1</subfield>
    <subfield code="w">DEWEY</subfield>
    <subfield code="c">51044</subfield>
    <subfield code="i">61914</subfield>
    <subfield code="d">51044</subfield>
    <subfield code="e">2019-6-20</subfield>
    <subfield code="f">2021-11-10</subfield>
    <subfield code="g">5</subfield>
    <subfield code="l">CCODEBUL1</subfield>
    <subfield code="m">BUL</subfield>
    <subfield code="n">23</subfield>
    <subfield code="p">64.00</subfield>
    <subfield code="q">20</subfield>
    <subfield code="r">0</subfield>
    <subfield code="s">Y</subfield>
    <subfield code="t">BOOK</subfield>
    <subfield code="u">2015-7-6</subfield>
    <subfield code="x">TEOLOGIA</subfield>
    <subfield code="P">P35</subfield>
    <subfield code="0">COMPRA</subfield>
    <subfield code="o">.STAFF. Colecci&#xF3;n Teolog&#xED;a</subfield>
  </datafield>
  <datafield tag="980" ind1=" " ind2=" ">
    <subfield code="8">1</subfield>
    <subfield code="g">ALBERTO SANCHEZ Responsable de Automatizaci&#xF3;n</subfield>
  </datafield>
  <datafield tag="952" ind1=" " ind2=" ">
    <subfield code="r">2025-12-02 00:00:00</subfield>
    <subfield code="i">6</subfield>
    <subfield code="l">23</subfield>
    <subfield code="o">270 HC 1</subfield>
    <subfield code="p">61914</subfield>
    <subfield code="s">2019-06-20</subfield>
    <subfield code="t">e1</subfield>
    <subfield code="v">69.00</subfield>
    <subfield code="w">2015-07-06</subfield>
    <subfield code="x">FT</subfield>
    <subfield code="y">BK</subfield>
    <subfield code="z">inventario-2023-12-13</subfield>
    <subfield code="1">0</subfield>
    <subfield code="2">ddc</subfield>
    <subfield code="5">0</subfield>
    <subfield code="7">0</subfield>
    <subfield code="8">GEN</subfield>
    <subfield code="f">P35</subfield>
    <subfield code="a">BUL</subfield>
    <subfield code="b">BUL</subfield>
    <subfield code="c">GEN</subfield>
    <subfield code="d">2015-07-06</subfield>
    <subfield code="e">COMPRA</subfield>
    <subfield code="g">64.00</subfield>
  </datafield>
</record>
